书目信息 |
| 题名: |
创造进化论
|
|
| 作者: | 亨利·柏格森 著 | |
| 分册: | ||
| 出版信息: | 北京 北京时代华文书局 2018.5 |
|
| 页数: | 382页 | |
| 开本: | 21cm | |
| 丛书名: | ||
| 单 册: | ||
| 中图分类: | B083 , B565.51 | |
| 科图分类: | ||
| 主题词: | 生命哲学--法国--现代 | |
| 电子资源: | ||
| ISBN: | 978-7-5699-2109-0 | |
| 000 | 01095nam0 2200241 45 | |
| 001 | 012001001955 | |
| 005 | 20140921103355.0 | |
| 010 | @a978-7-5699-2109-0@dCNY65.00 | |
| 100 | @a20180118d2018 em y0chiy0110 ea | |
| 101 | 0 | @achi |
| 102 | @aCN@b110000 | |
| 105 | @ay z 000yy | |
| 106 | @ar | |
| 200 | 1 | @a创造进化论@9chuang zao jin hua lun@f(法)亨利·柏格森著 |
| 210 | @a北京@c北京时代华文书局@d2018.5 | |
| 215 | @a382页@d21cm | |
| 330 | @a本书流行于20世纪早期,现代演化综论出现以前。《创造进化论》是柏格森的代表作,书中提出和论证了”生命冲动”的理论和直觉主义方法论,标志着析格林的生命哲学的完成,并对之前的进化论哲学体系进行了批判。该书1906年在法国巴黎首次出版,标志着柏格森生命哲学的成熟。生命哲学的影响远远超出了哲学的范围。除了美国实用主义哲学家詹姆斯和英国过程主义哲学家怀特海这样的哲学家之外,英国戏剧家萧伯纳和法国小说家普鲁斯特等人都吸纳了柏格森生命哲学的思想。 | |
| 606 | 0 | @a生命哲学@y法国@z现代 |
| 690 | @aB083@v5 | |
| 690 | @aB565.51@v5 | |
| 701 | 0 | @c(法)@a亨利·柏格森@9heng li · bai ge sen@4著 |
| 801 | 0 | @aCN@b上海新华@c20180901 |
| 905 | @b1044777-81@dB083@e102@f5 | |
| 创造进化论/(法)亨利·柏格森著.-北京:北京时代华文书局,2018.5 |
| 382页;21cm |
| ISBN 978-7-5699-2109-0:CNY65.00 |
| 本书流行于20世纪早期,现代演化综论出现以前。《创造进化论》是柏格森的代表作,书中提出和论证了”生命冲动”的理论和直觉主义方法论,标志着析格林的生命哲学的完成,并对之前的进化论哲学体系进行了批判。该书1906年在法国巴黎首次出版,标志着柏格森生命哲学的成熟。生命哲学的影响远远超出了哲学的范围。除了美国实用主义哲学家詹姆斯和英国过程主义哲学家怀特海这样的哲学家之外,英国戏剧家萧伯纳和法国小说家普鲁斯特等人都吸纳了柏格森生命哲学的思想。 |
| ● |
| 相关链接 |
|
|
|
|
正题名:创造进化论
索取号:B083/102
 
预约/预借
| 序号 | 登录号 | 条形码 | 馆藏地/架位号 | 状态 | 备注 |
| 1 | 1044777 | 210447774 | 第一样本阅览室/ [索取号:B083/102] | 在馆 | |
| 2 | 1044778 | 210447783 | 第一借阅区/ [索取号:B083/102] | 在馆 | |
| 3 | 1044779 | 210447792 | 第一借阅区/ [索取号:B083/102] | 在馆 | |
| 4 | 1044780 | 210447809 | 第一借阅区/ [索取号:B083/102] | 在馆 | |
| 5 | 1044781 | 210447818 | 第一借阅区/ [索取号:B083/102] | 在馆 |